|
|
|
|
| LEADER |
01481nam a2200301 u 4500 |
| 001 |
10029815 |
| 003 |
GR-PaULI |
| 005 |
20210117210013.0 |
| 008 |
990123s1995 fr i eng |
| 020 |
|
|
|a 9264144781
|
| 040 |
|
|
|a GR-PaULI
|c GR-PaULI
|b gre
|e AACR2
|
| 082 |
0 |
4 |
|a 372.357
|
| 082 |
0 |
4 |
|a 363.700 71
|2 23
|
| 245 |
0 |
0 |
|a Environmental learning for the 21st century /
|c Centre for Education Research and Innovation.
|
| 260 |
|
|
|a Paris :
|b Organisation for Economic Co-operation and Development,
|c c1995.
|
| 300 |
|
|
|a 110 σ. ;
|c 23 εκ.
|
| 504 |
|
|
|a Περιλαμβάνει βιβλιογραφία.
|
| 650 |
|
4 |
|a Οικολογία
|x Εκπαίδευση
|9 28909
|
| 650 |
|
4 |
|9 17469
|a Περιβαλλοντική εκπαίδευση
|
| 710 |
2 |
|
|9 41446
|a Centre for Educational Research and Innovation
|b CERI
|
| 852 |
|
|
|a GR-PaULI
|b ΠΑΤΡΑ
|b ΒΚΠ
|b ΒΣ1
|k ΑΣΧΞ
|h 372.357 OECD
|m 054022
|p 025000074767
|t 2
|
| 852 |
|
|
|a GR-PaULI
|b ΠΑΤΡΑ
|b ΠΤΔΕ
|k ΑΣΧΞ
|h 372.357 O.C.D.
|m 6328
|p 025000058470
|t 1
|
| 942 |
|
|
|2 ddc
|c BK15
|
| 952 |
|
|
|0 0
|1 0
|2 ddc
|4 0
|6 363_700000000000000_71_ENV
|7 0
|9 198207
|a LISP
|b LISP
|c BSC
|d 2016-04-24
|i 054022
|l 2
|m 1
|o 363.700 71 ENV
|p 025000074767
|r 2018-01-29 00:00:00
|s 2017-12-18
|t 2
|w 2016-04-24
|y BK15
|
| 952 |
|
|
|0 0
|1 0
|4 0
|6 372_357000000000000_O_C_D
|7 0
|9 198208
|a PTDE
|b PTDE
|d 2016-04-24
|i 6328
|l 0
|o 372.357 O.C.D.
|p 025000058470
|r 2016-04-24 00:00:00
|t 1
|w 2016-04-24
|y BK15
|
| 998 |
|
|
|c MANIAKH
|d 1999-09
|
| 998 |
|
|
|c ΓΚΟΓΚΟΥ
|d 2018-04
|
| 999 |
|
|
|c 121717
|d 121717
|